000 00629nam a2200241Ia 4500
003 OSt
005 20221005114033.0
006 a|||||r|||| 00| 0
007 ta
008 221004b |||||||| |||| 00| 0 urd d
024 _a62118
037 _cTextual
040 _aCRL
_cCRL
_burd
041 _2urd
_aurd
082 _aO168,3LAH1,1, 32H6.5
100 _aPallai Narayana Au.
_9625356
245 0 _aAmir Hansa
260 _c1946
650 _a URDU LITERATURE
650 _aURDU FICTION
_93298
942 _hO168,3LAH1,1, 32H6.5
_cTEXL
_2cc
999 _c1030071
_d1030071